Jak překonat hazard : prevence, krátká intervence a léčba / Karel Nešpor a kol.
Kniha pojednává o problémech působených hazardem. Postupně se zabývá diagnostikou, krátkou intervencí, léčbou i prevencí hazardního hráčství.
Samostatná kapitola je též věnována pomoci rodinám s tímto problémem, a to i tehdy, když se osoba s hazardním hráčstvím odmítá podrobit léčbě. V další části knihy najde čtenář některé terapeutické pomůcky, dotazníky, výzkumné zprávy a oficiální dokumenty. Kniha je doplněna obsáhlým přehledem použité literatury. Publikace je koncipována tak, aby co nejlépe posloužila zejména odborným pracovníkům v oblasti pomáhajících profesí. Dobře ji však využijí např. i příbuzní patologických hráčů, motivovaní patologičtí hráči, pracovníci orgánů činných v trestním řízení a vězeňské služby a studenti různých oborů. Nakladatelská anotace. Kráceno.
Record details
- ISBN: 978-80-262-0009-3 (brož.)
- Physical Description: 159 s. : il. ; 23 cm
- Edition: Vyd. 1.
- Publisher: Praha : Portál, 2011
Content descriptions
| Bibliography, etc. Note: | Obsahuje bibliografii a bibliografické odkazy |
| Language Note: | Anglické resumé |
Search for related items by subject
| Genre: | monografie monographs |
Available copies
- 1 of 1 copy available at Common Catalog SPOK.
Holds
- 0 current holds with 1 total copy.
Show Only Available Copies
| Location | Call Number / Copy Notes | Barcode | Shelving Location | Status | Due Date |
|---|---|---|---|---|---|
| Jabok Library | SPr-3.7.3 | 424480027596 | Odborná literatura | Available | - |
| LDR | 06021nam a2201465 a 4500 | ||
|---|---|---|---|
| 001 | 16786 | ||
| 003 | CZ-PrJAB | ||
| 005 | 20121206101215.0 | ||
| 007 | ta | ||
| 008 | 110809s2011 xr a f 000 0 cze | ||
| 015 | . | ‡acnb002202779 | |
| 020 | . | ‡a978-80-262-0009-3 (brož.) | |
| 035 | . | ‡a(CONS)16786 | |
| 035 | . | ‡a(CZ PrSKC)nkc20112202779 | |
| 035 | . | ‡a(OCoLC)761168986 | |
| 040 | . | ‡aABA001 ‡bcze | |
| 041 | 0 | . | ‡acze ‡beng |
| 072 | 7. | ‡a364 ‡xSociální problémy vyžadující podporu a pomoc. Sociální zabezpečení ‡2Konspekt ‡918 | |
| 080 | . | ‡a364.65:794 ‡2MRF | |
| 080 | . | ‡a616.89:794 ‡2MRF | |
| 080 | . | ‡a616-08 ‡2MRF | |
| 080 | . | ‡a364.642-785.4 ‡2MRF | |
| 080 | . | ‡a615.851 ‡2MRF | |
| 080 | . | ‡a364-212 ‡2MRF | |
| 080 | . | ‡a(437.3) ‡2MRF | |
| 080 | . | ‡a(048.8) ‡2MRF | |
| 100 | 1 | . | ‡aNešpor, Karel, ‡d1952- ‡7jn99240000767 ‡4aut |
| 245 | 1 | 0. | ‡aJak překonat hazard : ‡bprevence, krátká intervence a léčba / ‡cKarel Nešpor a kol. |
| 250 | . | ‡aVyd. 1. | |
| 260 | . | ‡aPraha : ‡bPortál, ‡c2011 | |
| 300 | . | ‡a159 s. : ‡bil. ; ‡c23 cm | |
| 504 | . | ‡aObsahuje bibliografii a bibliografické odkazy | |
| 520 | 9 | . | ‡aKniha pojednává o problémech působených hazardem. Postupně se zabývá diagnostikou, krátkou intervencí, léčbou i prevencí hazardního hráčství. |
| 520 | 9 | . | ‡aSamostatná kapitola je též věnována pomoci rodinám s tímto problémem, a to i tehdy, když se osoba s hazardním hráčstvím odmítá podrobit léčbě. V další části knihy najde čtenář některé terapeutické pomůcky, dotazníky, výzkumné zprávy a oficiální dokumenty. Kniha je doplněna obsáhlým přehledem použité literatury. Publikace je koncipována tak, aby co nejlépe posloužila zejména odborným pracovníkům v oblasti pomáhajících profesí. Dobře ji však využijí např. i příbuzní patologických hráčů, motivovaní patologičtí hráči, pracovníci orgánů činných v trestním řízení a vězeňské služby a studenti různých oborů. Nakladatelská anotace. Kráceno. |
| 546 | . | ‡aAnglické resumé | |
| 650 | 0 | 7. | ‡agamblerství ‡7ph114607 ‡2czenas |
| 650 | 0 | 7. | ‡agamblerství ‡7ph114607 ‡zČesko ‡2czenas |
| 650 | 0 | 7. | ‡aterapie ‡7ph116435 ‡2czenas |
| 650 | 0 | 7. | ‡arodinná psychoterapie ‡7ph116048 ‡2czenas |
| 650 | 0 | 7. | ‡apsychoterapie ‡7ph115954 ‡2czenas |
| 650 | 0 | 7. | ‡aprevence (sociální práce) ‡7ph138923 ‡2czenas |
| 650 | 0 | 9. | ‡agambling ‡2eczenas |
| 650 | 0 | 9. | ‡agambling ‡zCzechia ‡2eczenas |
| 650 | 0 | 9. | ‡atherapy ‡2eczenas |
| 650 | 0 | 9. | ‡afamily psychotherapy ‡2eczenas |
| 650 | 0 | 9. | ‡apsychotherapy ‡2eczenas |
| 650 | 0 | 9. | ‡aprevention (social work) ‡2eczenas |
| 655 | 7. | ‡amonografie ‡7fd132842 ‡2czenas | |
| 655 | 9. | ‡amonographs ‡2eczenas | |
| 910 | . | ‡aABG312 | |
| 901 | . | ‡a16786 ‡b ‡c16786 ‡tbiblio | |